Sporcle Categorical Just for Fun: Idioms Quiz Stats

Quiz Updated Feb 15, 2018

Challenge
Share
Tweet
Embed
Score 0/0 Timer 00:00
5 Plays Today
Category Missing Word % Correct
Geography
Water Topography
River
98.5%
Geography
Water Topography
Sea
97.6%
Music
Instruments
Drum
95.4%
Sports
Baseball Umpire Calls
Ball
95.2%
Geography
Water Topography
Lake
93.4%
Literature
1st Year Harry Potter Pets
Cat
90.9%
Language
Rhymes With Fun
Bun
90.7%
Entertainment
X-Men
Storm
90.7%
Sports
Baseball Umpire Calls
Strike
90.6%
Language
Rhymes With Fun
Sun
90.1%
Gaming
Card Games
Uno
89.8%
Holiday
Easter
Basket
89.4%
Music
Instruments
Guitar
89.3%
Science
Elements
Gold
89.1%
History
Art Media
Paint
89%
Gaming
Card Games
War
88.1%
Holiday
Easter
Candy
87.9%
Sports
Baseball Umpire Calls
Foul
86.4%
History
Art Media
Stone
85.7%
Miscellaneous
Animal Car Names
Rabbit
85.5%
Language
Rhymes With Fun
Gun
84.4%
Literature
1st Year Harry Potter Pets
Owl
83.3%
Television
Genres
Reality
78.2%
Category Missing Word % Correct
Television
Genres
Comedy
77.1%
Science
Elements
Lead
77%
Science
Elements
Carbon
74.7%
Television
Genres
Drama
74.7%
Holiday
Easter
Bunny
72.7%
Entertainment
X-Men
Beast
69.7%
Miscellaneous
Animal Car Names
Lark
68.6%
Entertainment
X-Men
Angel
66.3%
Gaming
Card Games
Poker
61.1%
Miscellaneous
Animal Car Names
Fox
59.6%
Movies
2017 Best Picture Oscar Nominees
Arrival
56.7%
Movies
2017 Best Picture Oscar Nominees
Fences
52.9%
History
Art Media
Clay
50.4%
Just for Fun
Keyboard Buttons
Shift
46.8%
Just for Fun
Keyboard Buttons
Tab
46.4%
Literature
1st Year Harry Potter Pets
Toad
43.2%
Religion
Mythological Creatures
Giant
40.8%
Just for Fun
Keyboard Buttons
Home
40.8%
Religion
Mythological Creatures
Dragon
38.4%
Music
Instruments
Bass
29.7%
Religion
Mythological Creatures
Siren
23.2%
Movies
2017 Best Picture Oscar Nominees
Moonlight
13.8%

You're not logged in!

Compare scores with friends on all Sporcle quizzes.
Sign Up with Email
OR
Log In

You Might Also Like...

Show Comments

Extras

Top Quizzes Today


Score Distribution

Your Account Isn't Verified!

In order to create a playlist on Sporcle, you need to verify the email address you used during registration. Go to your Sporcle Settings to finish the process.

Report this User

Report this user for behavior that violates our Community Guidelines.

Details: